000 00287nam a22001337a 4500
008 181106b xxu||||| |||| 00| 0 eng d
020 _a2900077292736
041 _aeng
080 _210 th
_a510
100 _a37
101 _aMAT
245 _aCalculus
_cHoffman.l.d
942 _2udc
_cBK
999 _c51937
_d51937